Wird geladen...

Hormones in blood v.2

Bibliographische Detailangaben
Hauptverfasser: A L Bacharach, CH Gray
Format: Printed Book
Sprache:Undetermined
Veröffentlicht: Academic press 1967
London
Schlagworte:
LEADER 00629nam a2200241Ia 4500
008 141122s9999 xx 000 0 und d
040 |c . 
041 |a English 
082 |a 572.6 
082 |b GRA/HO 
100 |a A L Bacharach  
100 |a CH Gray  
245 |a Hormones in blood v.2 
245 |c CH Gray  
260 |b Academic press 
260 |b London 
260 |c 1967 
300 |a 687 Pages 
500 |a General (D) 
650 |a Biochemistry 
942 |c BK 
999 |c 13403  |d 13403 
952 |0 0  |1 0  |4 0  |6 572_600000000000000_GRAHO  |7 0  |9 13218  |a COVAS  |b COVAS  |d 0000-00-00  |o 572.6 GRA/HO  |p 4817  |r 2014-11-26  |w 2014-11-26  |y BK